书目信息 |
| 题名: |
优选法与刀具
|
|
| 作者: | ;北京市技术交流站优选法小组 编著 | |
| 分册: | ||
| 出版信息: | 北京 科学出版社 1978 |
|
| 页数: | 192页 | |
| 开本: | 19cm | |
| 丛书名: | ||
| 单 册: | ||
| 中图分类: | TG7 | |
| 科图分类: | ||
| 主题词: | 优选法-应用-刀具(金属切削) , 刀具(金属切削)-优选法-应用 | |
| 电子资源: | ||
| ISBN: | 15031.202 | |
| 000 | 00727nam0 2200241 450 | |
| 001 | 0178002202 | |
| 005 | 20100712215402.0 | |
| 010 | @a15031.202@dCNY0.50 | |
| 091 | @a15031.202 | |
| 100 | @a19950731d1978 em y0chiy0110 ea | |
| 101 | 0 | @achi |
| 102 | @aCN@b110000 | |
| 105 | @ay z 000yy | |
| 106 | @ar | |
| 200 | 1 | @a优选法与刀具@9You Xuan Fa Yu Dao Ju @f北京市技术交流站优选法小组编著 |
| 210 | @a北京@c科学出版社@d1978 | |
| 215 | @a192页@d19cm | |
| 606 | 0 | @a优选法-应用-刀具(金属切削) |
| 606 | 0 | @a刀具(金属切削)-优选法-应用 |
| 690 | @aTG7@v3 | |
| 711 | 02 | @a北京市技术交流站优选法小组@9bei jing shi ji shu jiao liu zhan you xuan fa xiao zu@4编著 |
| 801 | 0 | @aCN@bAzMarc@c20130904 |
| 905 | @aBZT@dTG7@e3@f1@sTG7/3 | |
| 优选法与刀具/北京市技术交流站优选法小组编著.-北京:科学出版社,1978 |
| 192页;19cm |
| ISBN 15031.202:CNY0.50 |
| ● |
| 相关链接 |
|
|
|
正题名:优选法与刀具
索取号:TG7/3
 
预约/预借
| 序号 | 登录号 | 条形码 | 馆藏地/架位号 | 状态 | 备注 |
| 1 | 2000133398 | 2000133398 | 旧书回溯/ [索取号:TG7/3] | 在馆 |